000
00310pam a2200133 a 4500
020
_c
041
_h
082
_a
743.028
_b
HAR
100
_a
Hazel Harrison.
245
_a
Art School How to paint & Draw
_h
Textual Documents
260
_a
[s.l]:
_b
Anness,
_c
2010.
300
_a
256:
_b
paper.
930
_a
6228
999
_c
240018
_d
240018